Les nations de l'AFC - Statistiques

Statistiques générales
  • Ce quiz a été pris 30 fois
  • Le résultat moyen est 41 sur 46
Statistiques - réponses
Année d'adhésion Pays % Correct
1956 Arabie Saoudite
100%
1954 Chine
100%
1954 Corée du Sud
100%
1954 Afghanistan
96%
1970 Bahreïn
96%
1957 Cambodge
96%
1954 Corée du Nord
96%
1971 Irak
96%
1958 Iran
96%
1954 Japon
96%
1998 Mongolie
96%
1979 Oman
96%
1994 Ouzbékistan
96%
1954 Pakistan
96%
1972 Qatar
96%
1969 Syrie
96%
1994 Turkménistan
96%
1974 Bangladesh
92%
1993 Bhoutan
92%
1974 Emirats Arabes Unis
92%
1954 Inde
92%
1954 Indonésie
92%
1980 Laos
92%
1971 Népal
92%
1954 Singapour
92%
1969 Sri Lanka
92%
1957 Thaïlande
92%
1954 Birmanie
88%
1962 Koweit
88%
1964 Liban
88%
1958 Malaisie
88%
1954 Philippines
88%
1994 Tadjikistan
88%
1982 Yémen
88%
1975 Jordanie
83%
1994 Kirghizistan
83%
1995 Palestine
83%
1954 Viêt Nam
83%
1970 Brunei
79%
1986 Maldives
79%
1989 Taipei Chinois
79%
2006 Australie
75%
1954 Hong Kong
75%
2002 Timor Oriental
75%
1976 Macao
67%
1996 Guam
33%
Aucun quiz correspondant
Distribution des résultats
% des personnes avec chaque résultat
Percentile par nombre de réponses
Votre historique - résultats
Vous n’avez pas pris ce quiz